[Event "Torino-ch"]
[Site "Torino"]
[Date "2015.12.12"]
[Round "6"]
[White "Nastro, Federico"]
[Black "Gallucci, Alessio"]
[Result "1/2-1/2"]
[WhiteElo "2143"]
[BlackElo "2137"]
[PlyCount "43"]
[EventDate "2015.11.02"]
[EventType "tourn"]
[EventRounds "7"]
[EventCountry "ITA"]
[SourceTitle "EXT 2018"]
[Source "ChessBase"]
[SourceDate "2017.10.13"]
[SourceVersion "1"]
[SourceVersionDate "2017.10.13"]
[SourceQuality "1"]

1. e4 e5 2. Nf3 Nc6 3. Nc3 Bb4 4. Nd5 Ba5 5. c3 d6 6. b4 Bb6 7. a4 a5 8. Nxb6 cxb6 9. b5 Nce7 10. d4 Qc7 11. Bb2 Nf6 12. Bd3 Bg4 13. h3 Be6 14. 0-0 0-0 15. Ba3 Rfd8 16. Qe2 Ng6 17. Qe3 Nf4 18. d5 Bd7 19. Rfc1 h6 20. Bf1 g5 21. Nd2 g4 22. Nc4 1/2-1/2

[Event "Torino-ch"]
[Site "Torino"]
[Date "2015.11.16"]
[Round "3"]
[White "Yao, Stefano"]
[Black "Gallucci, Alessio"]
[Result "1/2-1/2"]
[WhiteElo "2122"]
[BlackElo "2137"]
[PlyCount "57"]
[EventDate "2015.11.02"]
[EventType "tourn"]
[EventRounds "7"]
[EventCountry "ITA"]
[SourceTitle "EXT 2018"]
[Source "ChessBase"]
[SourceDate "2017.10.13"]
[SourceVersion "1"]
[SourceVersionDate "2017.10.13"]
[SourceQuality "1"]

1. d4 Nf6 2. Nf3 e6 3. c4 c5 4. g3 cxd4 5. Nxd4 Bb4+ 6. Bd2 Qb6 7. e3 Nc6 8. Bxb4 Nxb4 9. Bg2 0-0 10. 0-0 d5 11. cxd5 e5 12. Ne2 Bf5 13. Nbc3 e4 14. Qd4 Qa5 15. Nxe4 Nxe4 16. Bxe4 Bxe4 17. Qxe4 Rfe8 18. Qf5 g6 19. Qg5 Nd3 20. Qf6 Qxd5 21. Rfd1 Rad8 22. Nc1 Qe4 23. Nxd3 Rxd3 24. Rxd3 Qxd3 25. Rc1 Rd8 26. Rc7 Qd1+ 27. Kg2 Qd5+ 28. Qf3 Qxa2 29. Qxb7 1/2-1/2

[Event "Arco op 37th"]
[Site "Arco"]
[Date "2015.10.18"]
[Round "9"]
[White "Dittmar, Peter"]
[Black "Gallucci, Alessio"]
[Result "1-0"]
[WhiteElo "2286"]
[BlackElo "2133"]
[PlyCount "83"]
[EventDate "2015.10.10"]
[EventType "swiss"]
[EventRounds "9"]
[EventCountry "ITA"]
[SourceTitle "CBM 168 Extra"]
[Source "ChessBase"]
[SourceDate "2015.10.29"]
[SourceVersion "1"]
[SourceVersionDate "2015.10.29"]
[SourceQuality "1"]

1. e4 e5 2. Bc4 Nf6 3. d3 Bc5 4. Nf3 Nc6 5. 0-0 0-0 6. c3 d5 7. exd5 Nxd5 8. Re1 Bg4 9. h3 Bh5 10. Nbd2 Bb6 11. Ne4 f6 12. a4 Kh8 13. a5 Nxa5 14. b4 Nc6 15. Bxd5 Bxf3 16. Qxf3 Qxd5 17. c4 Qd7 18. c5 Nxb4 19. cxb6 Nc2 20. Ba3 Nxe1 21. Rxe1 Rfc8 22. Nc5 Qd6 23. bxc7 Rxc7 24. d4 Qxd4 25. Ne6 Qc3 26. Re3 Qa1+ 27. Kh2 Rf7 28. Ng5 Rd7 29. Qf5 fxg5 30. Qxd7 Qd4 31. Qxb7 Rd8 32. Rf3 e4 33. Bb2 Qd6+ 34. g3 Qg6 35. Qe7 Rg8 36. Rf6 Qh5 37. g4 Qe8 38. Rf7 Qb8+ 39. Be5 Qb6 40. Bxg7+ Rxg7 41. Rf8+ Rg8 42. Qe5+ 1-0

[Event "Arco op 37th"]
[Site "Arco"]
[Date "2015.10.16"]
[Round "7"]
[White "Gallucci, Alessio"]
[Black "Renzi, Marco"]
[Result "1-0"]
[WhiteElo "2133"]
[BlackElo "1940"]
[PlyCount "73"]
[EventDate "2015.10.10"]
[EventType "swiss"]
[EventRounds "9"]
[EventCountry "ITA"]
[SourceTitle "CBM 168 Extra"]
[Source "ChessBase"]
[SourceDate "2015.10.29"]
[SourceVersion "1"]
[SourceVersionDate "2015.10.29"]
[SourceQuality "1"]

1. e4 e5 2. Nf3 Nc6 3. Bb5 d6 4. d4 exd4 5. Nxd4 Bd7 6. Nc3 Nf6 7. 0-0 Be7 8. Re1 Nxd4 9. Qxd4 Bxb5 10. Nxb5 0-0 11. Bg5 a6 12. Nc3 Nd5 13. Qxd5 Bxg5 14. Qxb7 Rb8 15. Qxa6 Rxb2 16. Qd3 Qa8 17. a4 Qa5 18. Nd5 c6 19. Ne3 Bxe3 20. fxe3 Qc5 21. Re2 Rfb8 22. Rd2 g6 23. Ra3 Rb1+ 24. Kf2 d5 25. exd5 cxd5 26. Rb3 Qd6 27. Rxb8+ Rxb8 28. g3 Rb1 29. Kg2 Qf6 30. Rf2 Qc6 31. Qd4 Rc1 32. Qf4 d4+ 33. e4 f5 34. Qxc1 fxe4 35. Qf4 e3+ 36. Qf3 Qe8 37. Qd5+ 1-0

[Event "Arco op 37th"]
[Site "Arco"]
[Date "2015.10.14"]
[Round "5"]
[White "Gallucci, Alessio"]
[Black "De Santis, Alessio"]
[Result "0-1"]
[WhiteElo "2133"]
[BlackElo "2303"]
[PlyCount "82"]
[EventDate "2015.10.10"]
[EventType "swiss"]
[EventRounds "9"]
[EventCountry "ITA"]
[SourceTitle "CBM 168 Extra"]
[Source "ChessBase"]
[SourceDate "2015.10.29"]
[SourceVersion "1"]
[SourceVersionDate "2015.10.29"]
[SourceQuality "1"]

1. e4 b6 2. d4 Bb7 3. Bd3 Nf6 4. Nd2 c5 5. c3 cxd4 6. cxd4 g6 7. Ngf3 Bg7 8. 0-0 0-0 9. Re1 Ba6 10. Bb1 Nc6 11. b4 Nh5 12. e5 Rc8 13. Nf1 Bxf1 14. Kxf1 f5 15. a3 d5 16. exd6 Qxd6 17. Bb2 Bf6 18. Qb3+ Kh8 19. Re6 Qf4 20. g3 Qg4 21. d5 Nd8 22. Rxe7 Qc4+ 23. Qxc4 Rxc4 24. Bxf6+ Nxf6 25. Ba2 Rc3 26. Re3 Rc2 27. Bb3 Rb2 28. Rc1 Ng4 29. Rec3 Rxf2+ 30. Kg1 Rb2 31. Ba4 f4 32. gxf4 Rxf4 33. Rf1 Nf7 34. Rc7 Ne3 35. d6 Nxd6 36. Rxh7+ Kxh7 37. Ng5+ Kh6 38. Rxf4 Kxg5 39. Rd4 Ndf5 40. Rd7 Rg2+ 41. Kh1 Ra2 0-1

[Event "Torino-ch sf"]
[Site "Torino"]
[Date "2015.06.01"]
[Round "5"]
[White "Barbato, Mario"]
[Black "Gallucci, Alessio"]
[Result "0-1"]
[WhiteElo "1748"]
[BlackElo "2139"]
[PlyCount "121"]
[EventDate "2015.05.04"]
[EventType "swiss"]
[EventRounds "7"]
[EventCountry "ITA"]
[SourceTitle "EXT 2017"]
[Source "ChessBase"]
[SourceDate "2016.10.25"]
[SourceVersion "1"]
[SourceVersionDate "2016.10.25"]
[SourceQuality "1"]

1. e4 c5 2. d4 cxd4 3. c3 dxc3 4. Nxc3 Nc6 5. Nf3 e6 6. Bc4 a6 7. a3 Nge7 8. 0-0 Ng6 9. Qe2 b5 10. Ba2 Be7 11. Nd5 exd5 12. exd5 0-0 13. dxc6 dxc6 14. Qe4 Qc7 15. h4 Bf6 16. Ng5 Qe7 17. Qc2 c5 18. Nxh7 Kxh7 19. h5 Bd4 20. Bd2 Qf6 21. hxg6+ fxg6 22. Bc3 Bf5 23. Bxd4 cxd4 24. Qc7 g5 25. Qh2+ Kg6 26. Bb1 Bxb1 27. Raxb1 Rad8 28. Qg3 d3 29. Rfd1 d2 30. b4 Rfe8 31. Qb3 Qf5 32. Qc3 Rd3 33. Qc6+ Re6 34. Qc2 Re2 35. Qc5 Rd5 36. Qb6+ Re6 37. Qc7 Rf6 38. Qa7 Rc6 39. Ra1 Re6 40. Rf1 Kh7 41. Qb8 Red6 42. Rad1 Rd3 43. Qc7 Qe5 44. Qc2 Kh8 45. Qc8+ Kh7 46. Qc2 Kh6 47. Qa2 R6d5 48. Qc2 R5d4 49. Qc6+ Rd6 50. Qc2 R6d4 51. Qc6+ Kh7 52. Qc2 Kg8 53. Qc8+ Kf7 54. Qxa6 Rh4 55. Qb7+ Kg6 56. g3 Rhd4 57. Qc6+ Rd6 58. Qc2 Qf5 59. Qc5 R6d5 60. Qc6+ Kh7 61. Qc2 0-1

[Event "Torino-ch 58th final"]
[Site "Torino"]
[Date "2013.12.06"]
[Round "6"]
[White "Gallucci, Alessio"]
[Black "Barletta, Mauro"]
[Result "1-0"]
[WhiteElo "2208"]
[BlackElo "2190"]
[PlyCount "49"]
[EventDate "2013.11.04"]
[EventType "tourn"]
[EventRounds "7"]
[EventCountry "ITA"]
[SourceTitle "EXT 2015"]
[Source "ChessBase"]
[SourceDate "2014.11.20"]
[SourceVersion "1"]
[SourceVersionDate "2014.11.20"]
[SourceQuality "1"]

1. d4 e6 2. Bf4 f5 3. Nc3 Nf6 4. g4 Bb4 5. gxf5 0-0 6. Qd3 d5 7. 0-0-0 c5 8. dxc5 Bxc3 9. Qxc3 Ne4 10. Qe1 Qh4 11. Nh3 Rxf5 12. Bg3 Qh6+ 13. Kb1 Nc6 14. f3 Nxc5 15. e4 Rxf3 16. Bg2 Re3 17. Qg1 e5 18. exd5 Bxh3 19. dxc6 Bxg2 20. Qxg2 bxc6 21. Bf2 Rb8 22. Bxe3 Qxe3 23. Qxc6 Ne4 24. Qd5+ Kf8 25. Rhf1+ 1-0

[Event "Biella op-A 4th"]
[Site "Biella"]
[Date "2013.09.29"]
[Round "4"]
[White "Gallucci, Alessio"]
[Black "Djuric, Stefan"]
[Result "0-1"]
[WhiteElo "2213"]
[BlackElo "2440"]
[PlyCount "48"]
[EventDate "2013.09.27"]
[EventType "swiss"]
[EventRounds "5"]
[EventCountry "ITA"]
[SourceTitle "CBM 156 Extra"]
[Source "ChessBase"]
[SourceDate "2013.10.22"]
[SourceVersion "1"]
[SourceVersionDate "2013.10.22"]
[SourceQuality "1"]

1. e4 Nf6 2. Nc3 e5 3. f4 d5 4. exd5 e4 5. d3 Bb4 6. a3 Bxc3+ 7. bxc3 Qxd5 8. Bb2 0-0 9. c4 Qf5 10. Nh3 Re8 11. d4 Qg6 12. d5 Bf5 13. Qd4 e3 14. Be2 c5 15. Qc3 Nbd7 16. g4 Bxg4 17. Rg1 h5 18. Ng5 Qf5 19. h3 Qxf4 20. Rg2 Bxh3 21. Nxh3 Qh4+ 22. Nf2 exf2+ 23. Rxf2 Rxe2+ 24. Kxe2 Re8+ 0-1

[Event "Torino-ch sf op"]
[Site "Torino"]
[Date "2013.05.20"]
[Round "3"]
[White "Parisi, Gianmario"]
[Black "Gallucci, Alessio"]
[Result "0-1"]
[WhiteElo "1786"]
[BlackElo "2211"]
[PlyCount "128"]
[EventDate "2013.05.06"]
[EventType "swiss"]
[EventRounds "7"]
[EventCountry "ITA"]
[SourceTitle "EXT 2015"]
[Source "ChessBase"]
[SourceDate "2014.11.20"]
[SourceVersion "1"]
[SourceVersionDate "2014.11.20"]
[SourceQuality "1"]

1. e4 e6 2. d4 d5 3. Nc3 Nf6 4. Bg5 dxe4 5. Nxe4 Be7 6. Bxf6 gxf6 7. Nf3 b6 8. Bb5+ c6 9. Bd3 Bb7 10. Qe2 Nd7 11. 0-0-0 Qc7 12. Rhe1 0-0-0 13. Ba6 Rhg8 14. Bxb7+ Kxb7 15. g3 b5 16. Kb1 Nb6 17. Ned2 a6 18. Nb3 Na4 19. Qe4 Ba3 20. Nc5+ Bxc5 21. dxc5 f5 22. Qe3 Rg4 23. Qe5 Qxe5 24. Nxe5 Re4 25. Nxf7 Rxe1 26. Rxe1 Rd2 27. Rf1 Nxc5 28. Kc1 Rd7 29. Ne5 Rd5 30. f4 Rd4 31. Re1 h5 32. Re2 Ne4 33. Nf3 Ra4 34. a3 b4 35. Re3 bxa3 36. Rxa3 Rxa3 37. bxa3 Kc7 38. Ng5 Nc5 39. Kd2 Kd6 40. Ke3 Kd5 41. h3 Nd7 42. Kd3 Nb6 43. Kc3 Nc4 44. a4 Ne3 45. Kd3 Nf1 46. c4+ Kd6 47. g4 fxg4 48. hxg4 hxg4 49. Nf7+ Kc5 50. Ne5 g3 51. Ke2 g2 52. Kf2 Ne3 53. Nf3 Nxc4 54. Kxg2 Nb2 55. a5 Nc4 56. Ng5 Kd5 57. Kf3 Nxa5 58. Ne4 Nb3 59. Ke3 c5 60. Nf6+ Kc4 61. Ne8 Nd4 62. Nc7 a5 63. Ke4 a4 64. Ke5 a3 0-1

[Event "Torino Epifania op"]
[Site "Torino"]
[Date "2013.01.04"]
[Round "3"]
[White "Gallucci, Alessio"]
[Black "Bringas Osuna, Ivan Jarek"]
[Result "1-0"]
[WhiteElo "2206"]
[BlackElo "2157"]
[PlyCount "68"]
[EventDate "2013.01.02"]
[EventType "swiss"]
[EventRounds "6"]
[EventCountry "ITA"]
[SourceTitle "EXT 2014"]
[Source "ChessBase"]
[SourceDate "2013.11.20"]
[SourceVersion "1"]
[SourceVersionDate "2013.11.20"]
[SourceQuality "1"]

1. c4 e5 2. Nc3 Nc6 3. g3 g6 4. Bg2 Bg7 5. e3 Nge7 6. Nge2 0-0 7. 0-0 d6 8. h3 Be6 9. Nd5 Qd7 10. Kh2 Nd8 11. b3 c6 12. Nxe7+ Qxe7 13. Ba3 f5 14. Rc1 Nf7 15. f4 Bd7 16. d4 e4 17. Nc3 Bf6 18. Rg1 Kh8 19. b4 g5 20. d5 a5 21. dxc6 bxc6 22. b5 g4 23. hxg4 Nh6 24. Bh3 fxg4 25. Bg2 Nf5 26. Bxe4 Qg7 27. Qd3 Qh6+ 28. Kg2 Nxg3 29. Rh1 Nxh1 30. Rxh1 Bh4 31. Bxd6 Rf7 32. bxc6 Be6 33. c7 Rc8 34. f5 Bxc4 1-0

[Event "Mare di Fano op 1st"]
[Site "Fano"]
[Date "2012.08.04"]
[Round "8"]
[White "Gallucci, Alessio"]
[Black "Brancaleoni, Maurizio"]
[Result "1/2-1/2"]
[WhiteElo "2245"]
[BlackElo "2224"]
[PlyCount "100"]
[EventDate "2012.07.30"]
[EventType "swiss"]
[EventRounds "9"]
[EventCountry "ITA"]
[SourceTitle "EXT 2015"]
[Source "ChessBase"]
[SourceDate "2014.11.20"]
[SourceVersion "1"]
[SourceVersionDate "2014.11.20"]
[SourceQuality "1"]

1. d4 d5 2. e4 dxe4 3. f3 e5 4. dxe5 Qxd1+ 5. Kxd1 Nc6 6. Bb5 Bd7 7. e6 Bxe6 8. Bxc6+ bxc6 9. fxe4 Nf6 10. Nd2 0-0-0 11. Ke2 Bc5 12. Nb3 Bxb3 13. axb3 Rhe8 14. Bg5 Rxe4+ 15. Kf3 Re6 16. Ne2 h6 17. Bc1 Rde8 18. Nc3 Nd5 19. Nxd5 cxd5 20. Ra5 Rf6+ 21. Kg3 Bf2+ 22. Kh3 c6 23. Bd2 Re2 24. Bc3 d4 25. Bb4 d3 26. Bc3 Rd6 27. cxd3 Rxd3+ 28. g3 g6 29. Ra4 f5 30. Bg7 Be3 31. Rc4 Kd7 32. Rb4 Ke6 33. Rh4 Rxb3 34. Rc4 Kd5 35. Ra4 Rd3 36. Rh4 h5 37. Ra4 Bb6 38. Bc3 Re4 39. Raa1 Ke6 40. Rac1 Bd4 41. Bxd4 Rdxd4 42. Rxc6+ Rd6 43. Rxd6+ Kxd6 44. Ra1 g5 45. Rxa7 Re2 46. Ra6+ Ke5 47. Ra5+ Kf6 48. Ra6+ Ke5 49. Ra5+ Kf6 50. Ra6+ Ke5 1/2-1/2

[Event "Acqui Terme op 1st"]
[Site "Acqui Terme"]
[Date "2012.07.24"]
[Round "2"]
[White "Gallucci, Alessio"]
[Black "Rombaldoni, Denis"]
[Result "0-1"]
[WhiteElo "2245"]
[BlackElo "2529"]
[PlyCount "44"]
[EventDate "2012.07.23"]
[EventType "swiss"]
[EventRounds "9"]
[EventCountry "ITA"]
[SourceTitle "EXT 2014"]
[Source "ChessBase"]
[SourceDate "2013.11.20"]
[SourceVersion "1"]
[SourceVersionDate "2013.11.20"]
[SourceQuality "1"]

1. e4 c5 2. a3 Nc6 3. b4 Nf6 4. b5 Nd4 5. c3 Ne6 6. e5 Nd5 7. Qb3 Nb6 8. Nf3 Qc7 9. c4 g5 10. h3 Nd4 11. Nxd4 cxd4 12. Qg3 Nxc4 13. e6 Qe5+ 14. Qxe5 Nxe5 15. exf7+ Nxf7 16. Be2 Bg7 17. d3 0-0 18. h4 gxh4 19. Rxh4 d5 20. Bf3 e6 21. Bb2 Ne5 22. Bxd4 Rxf3 0-1

[Event "Milan Palladino Memorial"]
[Site "Milan"]
[Date "2012.04.09"]
[Round "6"]
[White "Petrone, Gianmario"]
[Black "Gallucci, Alessio"]
[Result "0-1"]
[WhiteElo "1899"]
[BlackElo "2238"]
[PlyCount "82"]
[EventDate "2012.04.05"]
[EventType "swiss"]
[EventRounds "6"]
[EventCountry "ITA"]
[SourceTitle "EXT 2013"]
[Source "ChessBase"]
[SourceDate "2012.11.22"]
[SourceVersion "1"]
[SourceVersionDate "2012.11.22"]
[SourceQuality "1"]

1. e4 c5 2. Nf3 Nc6 3. d4 cxd4 4. Nxd4 g6 5. c4 Bg7 6. Be3 d6 7. Nc3 Nf6 8. Be2 0-0 9. 0-0 Nxd4 10. Bxd4 Bd7 11. f3 Bc6 12. Rc1 Qa5 13. b3 Rfc8 14. Qd3 Nd7 15. Bxg7 Kxg7 16. Nd5 Bxd5 17. exd5 b5 18. Qc3+ Qxc3 19. Rxc3 bxc4 20. Bxc4 Kf6 21. Kf2 Nb6 22. Rfc1 a5 23. Ke3 Rc5 24. Kd4 Rac8 25. R1c2 h5 26. a3 Nxd5 27. Bxd5 e5+ 28. Kd3 Rxd5+ 29. Ke2 Rxc3 30. Rxc3 Ke6 31. b4 axb4 32. axb4 Kd7 33. h3 h4 34. Rc4 g5 35. Rg4 f6 36. Ke3 Rd1 37. Rc4 Rg1 38. Kf2 Rb1 39. Rg4 d5 40. Ke3 d4+ 41. Ke4 Ke6 0-1

[Event "Nichelino op 12th"]
[Site "Nichelino"]
[Date "2011.10.07"]
[Round "2"]
[White "Bisi, Samuele"]
[Black "Gallucci, Alessio"]
[Result "0-1"]
[WhiteElo "1998"]
[BlackElo "2227"]
[PlyCount "88"]
[EventDate "2011.10.06"]
[EventType "swiss"]
[EventRounds "6"]
[EventCountry "ITA"]
[SourceTitle "EXT 2023"]
[Source "ChessBase"]
[SourceDate "2022.10.05"]
[SourceVersion "1"]
[SourceVersionDate "2022.10.05"]
[SourceQuality "1"]

1. d4 Nf6 2. c4 e6 3. Nf3 Bb4+ 4. Bd2 Be7 5. Nc3 d5 6. Bg5 0-0 7. cxd5 exd5 8. Qc2 Bg4 9. e3 Nbd7 10. Bd3 c6 11. Ne5 h6 12. h3 Be6 13. Bf4 a6 14. 0-0 Re8 15. Rab1 c5 16. Nxd7 Nxd7 17. dxc5 Nxc5 18. Be2 Rc8 19. Rfd1 Ne4 20. Qb3 Nxc3 21. bxc3 b5 22. Be5 Bd6 23. Bxd6 Qxd6 24. a4 Qe7 25. Rd4 Rc5 26. axb5 axb5 27. Bxb5 Rb8 28. Qa3 Bf5 29. Rb3 Qc7 30. c4 Be6 31. g3 dxc4 32. Bxc4 Rxc4 33. Rxc4 Rxb3 34. Qxb3 Qxc4 35. Qxc4 Bxc4 36. Kg2 f6 37. Kf3 Kf7 38. Kf4 g5+ 39. Ke4 Ke6 40. f4 Bf1 41. fxg5 fxg5 42. h4 Bg2+ 43. Kd3 gxh4 44. gxh4 Kf5 0-1